English football players 2015-2016 #1 - Statistics

General Stats
  • This quiz has been taken 130 times
  • The average score is 13 of 20
Answer Stats
Player % Correct
Harry Kane
98%
Raheem Sterling
77%
Wayne Rooney
76%
Chris Smalling
75%
James Milner
74%
Joe Hart
73%
Ross Barkley
73%
Steven Gerrard
72%
Kieran Gibbs
71%
Peter Crouch
71%
Jordan Henderson
70%
Leighton Baines
70%
Ashley Young
67%
Glen Johnson
63%
Jack Wilshere
59%
Rickie Lambert
59%
Mark Noble
56%
Jay Rodriguez
49%
Ryan Bertrand
48%
Joleon Lescott
47%
No matching quizzes found
Score Distribution
Percent of People with Each Score
Percentile by Number Answered
Your Score History
You have not taken this quiz